[Event "VIE-ch U13"]
[Site "Hanoi"]
[Date "2022.06.14"]
[Round "5"]
[White "Ha, Quoc Khanh"]
[Black "Tran, Khai Duy"]
[Result "1/2-1/2"]
[WhiteElo "2354"]
[BlackElo "2369"]
[PlyCount "28"]
[EventDate "2022.06.11"]
[EventType "swiss"]
[EventRounds "9"]
[EventCountry "VIE"]
[SourceTitle "EXT 2023"]
[Source "ChessBase"]
[SourceDate "2022.10.05"]
[SourceVersion "1"]
[SourceVersionDate "2022.10.05"]
[SourceQuality "1"]

1. d4 Nf6 2. c4 g6 3. Nf3 d5 4. Nc3 Bg7 5. Bf4 c6 6. e3 0-0 7. Bd3 a5 8. 0-0 Bg4 9. h3 Bxf3 10. Qxf3 e6 11. a3 dxc4 12. Bxc4 Nd5 13. Bxd5 exd5 14. Rfc1 Nd7 1/2-1/2